000 01363nam a2200373 i 4500
001 10697
003 KOSZ 005
005 20200504121013.0
008 080224s1965 pl a f f 000 0 pol
015 _aPB 1966/5522
040 _aWA N
_cKOSZ 005/RW
_dKOSZ 005/RW
_dKOSZ 005/HR
046 _k1965
080 _a666
080 _a624.01/.07
080 _a(083.1)
245 0 0 _aWykonywanie betonów sprężonych :
_bporadnik /
_cJerzy Bielawski [et al.] ; kier. zespołu aut. Tomasz Kluz ; [red. nauk. Ryszard Cwil].
260 _aWarszawa :
_bArkady,
_c1965.
300 _a515, [1] s. [2] k. tabl. :
_bil., err. ;
_c22 cm.
380 _aKsiążki.
388 _a1901-2000
504 _aBibliogr. s. 515-[516].
521 8 _aDla inżynierów, techników, pracowników biur projektowych i słuchaczy wyższych szkół technicznych.
658 _aArchitektura i budownictwo
650 4 _aTechnologia
650 4 _aBeton sprężony
655 4 _aPoradnik
650 4 _aKonstrukcje sprężone
700 1 _aKluz, Tomasz
_d(1897-1987).
_eOpracowanie
710 2 _aWydawnictwo "Arkady".
_4pbl.
700 1 _aBielawski, Jerzy
_eAutor
700 1 _aCwil, Ryszard
_eRedakcja
856 _uhttp://koha.tu.koszalin.pl/cgi-bin/koha/opac-detail.pl?biblionumber=10697
_yKatalog online BPK
942 _2UKD
_cKS
999 _c10697
_d10697